Statistiques concernant Anagrammes villes suisses

Cliquez ici pour prendre le quiz!

Statistiques générales

  • Ce quiz a été pris 55 fois
  • Le résultat moyen est 7 sur 16

Statistiques - réponses

AnagrammesVille suisse% Correct
gozuZoug
91%
iuzhrcZurich
87%
mhcaCham
81%
elublBulle
79%
evvyeVevey
72%
glnouaLugano
49%
uhetnoThoune
47%
aohssciChiasso
32%
t-ilasgnlaSaint-Gall
32%
eesrriSierre
32%
rnip-eaawljrpsoRapperswil-Jona
15%
avveelnillueLa Neuveville
11%
ufnlaoLaufon
11%
erngsgaGranges
9%
iuahsreHerisau
4%
etonlOlten
4%

Distribution des résultats

Percentile par nombre de réponses

% des personnes avec chaque résultat

Votre développement - résultats

Vous n’avez pas pris ce quiz